000 00350nam a2200133Ia 4500
008 240624s9999 xx 000 0 und d
041 _aeng
082 _a658.4 LON
100 _aLONGENECKER CLINTON O
245 _aGETTING RESULTS FIVE ABSOLUTES FOR HIGH
260 _c2001
_aNew Delhi
_bJossey-Bass
300 _a195 : p. : cm. ; 22
365 _c
_b30
999 _c27782
_d27782